=LDR 00000nam 2200000 4500 =001 000504 =005 20250712030246 =035 ##$$a 0010-0725000366 =007 ta =008 250712################a##########0#ind## =020 ##$$a 978-623-118-810-6 =082 ##$$a 398.209 598 =100 #$$a Ramliyana, Randi =245 1#$$a Alsa putih di kursi roda /$c Randi Ramliyana =250 ##$$a Pertama =260 ##$$a Jakarta :$b Badan pengembangan dan pembinaan bahasa,$c 2022 =300 ##$$a 28 hlm. : $b ilus. ; $c 21 × 29,7 cm =650 #4$$a Cerita anak Indonesia =650 #4$$a Kesusastraan anak =084 ##$$a 398.209 598 RAM a =990 ##$$a TBM202400257